01243cam a2200253 a 4500001000500000005001700005008004100022020001500063040002300078050002400101082001400125100002000139245007700159250004400236260003400280300004200314505000800356520049400364521002000858521002000878650003300898650002600931700003200957127320230815101224.0010423r19901962nyua c 000 1 eng  a0380709155 aDLCcDLCdDLCbeng00aPZ7.C5792bHcp 199100a[Fic]2211 aCleary, Beverly10aHenry and the clubhouse /cBeverly Cleary ; illustrated by Louis Darling aFirst Avon Camelot printing: March 1990 aNew York :bAvon Books,c1962 a192 pages :bIllustrations ;c20 cm. aT  aFor Henry Huggins and his friends Robert and Murph, a clubhouse is a place where they can do as they please, without being bothered by girls. The sign that says NO GIRLS ALLOWED -- THIS MEANS YOU especially means Ramona Quimby. Lately Ramona has been following Henry on his newspaper route, embarrassing him in front of Henry's customers. The day Ramona follows Henry to the clubhouse, she wants to teach him girls aren't so bad, but she almost puts an end to his newspaper career forever.1 a820 bLexile 0 aT bRaz-Plus  1aNewspaper carriersvFiction. 1aFamily lifevFiction.1 aDarling, LouiseIllustrator